000 00994nam2a22002531 4500
001 v19\rc\1349013
005 20250618074656.0
035 _a(NLR Aleph) 004494731
090 _a4666179
_c4666179
100 _a20060512d1862 |||y0rusy50 ca
101 0 _arus
102 _aRU
105 _ag z |||||
200 0 _aЧ. 3
210 _d1862
_aБ. м.
215 _a[5], 39 с., 8 с. нот.
461 0 _1001v19\rc\1349010
_12001#$aВоинский устав о строевой службе конных полков казачьих войск$vЧ. 3
_94666166
_cСанкт-Петербург
_d1862
_e2-е изд., испр. Ч. 1
_nтип. Упр. иррегуляр. войск
_tВоинский устав о строевой службе конных полков казачьих войск
_vЧ. 3
801 0 _aRU
_bNLR
_gpsbo
801 0 _aRU
_bRuMoRGB
_2psbo
801 1 _aRU
_bProSoft-M
_2rusmarc
852 _aNLR
_j18.108.5.9
899 _aRuMoRGB
_jA 126/87
942 _cBOOK
980 _aNB